000 00465nam a2200181Ia 4500
005 20260429112219.0
008 260429s9999||||xx |||||||||||||| ||und||
020 _a9789393631640
041 _aEnglish
082 _a510
_bSAM
100 _aSamal, Minati
245 0 _aFundamentals of mathematics /
_cMinati Samal
250 _a1st ed.
260 _aNew Delhi :
_bOxford Publishers,
_c2025.
300 _avi, 246 p.; hb
650 _aMathematics
942 _cTB
999 _c52933
_d52933